Statistics for Easy Geogrphy Quiz 1

Click here to take the quiz!

General Stats

  • This quiz has been taken 234 times
  • The average score is 6 of 8

Answer Stats

THE HINTAnswer% Correct
BIGGEST COUNTRY BY POPUATIONCHINA
92%
BIGGEST COUNNTRYRUSSIA
90%
SMALLEST COUNTRYVATICAN CITY
74%
HOME TO DUBAIUAE
72%
TALLEST MOUNTAINMOUNT EVEREST
71%
BIGGEST ISLANDGREENLAND
70%
THE DICTATORSHIP OF THE KIM FAMILYNORTH KOREA
64%
LONGEST MOUNTAIN RANGEANDES
54%

Score Distribution

Percentile by Number Answered

Percent of People with Each Score

Your Score History

You have not taken this quiz